00912nam a2200205 i 450000100060000000300090000600500170001500700030003200800410003504000140007610000300009024502780012025000770039826000600047530000210053570000410055670000360059774000490063385200240068268393ES-MaACL20251109144904.0t|940202m18441846sp ||||1| spa d aCAM bspa1 aGarcia Goyena, Florencio.10aFebrero, o Librería de jueces, abogados y escribanos b: comprensiva de los Códigos civil, criminal y administrativo, tanto en la parte teorica como en la practica, con arreglo en un todo a la legislacion hoy vigente /cpor Florencio Garcia Goyena... y Joaquin Aguirre. a2ª ed. bcorr. y aum. por... Joaquín Aguirre y Juan Manuel Montalban. aMadrid : b[s.n.], c1844-1846 (fImp. de Ignacio Boix) a11 v. ; c24 cm.1 aMontalbán, Juan Manuel,d1806-18891 aAguirre, Joaquín, d1807-18690 aLibrería de jueces, abogados y escribanos. aES-MaACLjC-2587-97